000 00330 a2200157 4500
001 190859
020 _a978-85-360-1097-7
040 _cMagnum
100 _aCarrère, Gwénola
240 1 0 _aAbc procura-se
_lpor
245 1 0 _aAbc procura-se
300 _a48
362 0 _a2011
697 _aLITERATURA INFANTIL
942 _cBK
999 _c190859
_d190859